Řízení projektů v IT kompletní průvodce

Gespeichert in:
Bibliographische Detailangaben
1. Verfasser: Schwalbe, Kathy
Format: Buch
Sprache:Tschechisch
Veröffentlicht: Brno Computer Press 2011
Schlagworte:
Tags: Tag hinzufügen
Keine Tags, Fügen Sie das erste Tag hinzu!

MARC

LEADER 00000nam a2200000 4500
001 0144120
005 20240313090404.1
020 |a 978-80-251-2882-4 
041 0 |a cze 
044 |a CZ 
245 1 0 |a Řízení projektů v IT  |b kompletní průvodce  |c Kathy Schwalbe 
264 1 |a Brno  |b Computer Press  |c 2011 
300 |a 632 s. 
610 2 0 |a riadenie projektové 
610 2 0 |a projekty 
610 2 0 |a riadenie ľudských zdrojov 
610 2 0 |a technológie informačné 
100 1 |a Schwalbe, Kathy